000 00389nam a2200145Ia 4500
005 20260430133800.0
008 260429s9999||||xx |||||||||||||| ||und||
020 _a9780230525160
082 _a822.33
_bKER
100 _aKermode, Frank
245 0 _aShakespeare :
_bKing Lear /
_cFrank Kermode
260 _aNew York :
_bPalgrave Macmillan,
_c2007.
300 _a307 p.; pbk
942 _cTB
999 _c53981
_d53981